000
00396nam a2200145Ia 4500
008
100122s9999 xx 000 0 und d
082
_b
69312
_a
821
100
_a
बांठीया ललिता
245
_a
कोलाज
260
_b
सुविद्या प्रकाशन
_c
2003
300
_a
94
630
_a
कोलाज
730
_a
कोलाज
942
_c
BOOK
999
_c
440662
_d
440659